000 00455nam a2200181Ia 4500
001 18570
005 20260306171640.0
008 260306s9999||||xx |||||||||||||| ||und||
041 _aESP
082 _a658.408
_bV19
100 _aValdéz Fernández, José Luis
_eAUT
245 0 _aGuía para la aplicación de ISO 14001:
_b2015
260 _c2016
300 _a367 páginas :
_c24 cm.
650 _aGEN
654 _aCAN
942 _cLIB
_dJUS
_fJUS
_2ddc
_n
999 _c18570
_d18570